000 00602nam a2200193Ii 4500
003 JO-AjNU
008 230605s9999||||xx |||||||||||||| ||und||
040 _aJO-AjNU
_bara
_erda
_cJO-AjNU
041 _aara
050 1 4 _aQA152.2.S3
100 3 _aاحمد ، صلاح/ م مشارك رشدي راشد ,
_eauthor
_919152
245 0 0 _aالباهر في الجبر للسموءل المغربي
264 3 1 _aدمشق : د.ن ، د.ت
300 _a266ص
336 _atext
_btxt
_2rdacontent
337 _aunmediated
_bn
_2rdamedia
338 _avolume
_bnc
_2rdacarrier
650 4 _aالجبر
_919153
999 _aA6261
_c9829
_d9829